00641 2200217 4500001002100000005001500021035002000036007000300056008004100059020001800100082001100118084001700129100002400146245010100170250001100271260005200282300002100334650002700355700002900382990001200411INLIS00000000001738520241014034420 a0010-1024000113ta241014 g 0 ind  a979-407-064-5 a808.83 a808.83 NUG h0 aNUGROHO,Notosusanti1 aHUJAN KEPAGIAN :bKumpulan Cerita pendek /cNugroho notosusanti;editor,;tim editor balai pustaka acet.24 ajakarta timur :bBalai Pustaka (persero),c2011 a62 hlm. ;c21 cm 4aCERITA PENDEK-KUMPULAN0 aTIM,Editor balai pustaka a11824 b